Statistics for Translate Countries: Norwegian-English

Click here to take the quiz!

General Stats

  • This quiz has been taken 131 times
  • The average score is 14 of 17

Answer Stats

NorwegianEnglish% Correct
NorgeNorway
100%
NederlandNetherlands
98%
StorbritanniaUnited Kingdom
92%
IrakIraq
90%
HellasGreece
89%
MikronesiaføderasjonenMicronesia
87%
Den sentralafrikanske republikkCAR / Central African Republic
86%
ØsterrikeAustria
83%
FrankrikeFrance
83%
Amerikas Forente StaterUnited States / USA
83%
KomoreneComoros
79%
KinaChina
78%
EstlandEstonia
76%
TysklandGermany
76%
HviterusslandBelarus
72%
TsjekkiaCzech Republic
71%
ElfenbenskystenIvory Coast
47%

Score Distribution

Percentile by Number Answered

Percent of People with Each Score

Your Score History

You have not taken this quiz